[Event "9. LGA Premium Cup 2012"]
[Site "Nürnberg"]
[Date "2012.09.07"]
[Round "4.11"]
[White "Donchenko, Alexander"]
[Black "Kunin, Vitaly"]
[Result "1-0"]
[WhiteElo "2395"]
[BlackElo "2511"]
[PlyCount "81"]
[EventDate "2012.??.??"]
[WhiteTeam "SK 1858 Gießen"]
[BlackTeam "Freibauer Mörlenbach-Birkenau"]

1. c4 e5 2. g3 Nc6 3. Nc3 f5 4. Bg2 Nf6 5. a3 g6 6. d3 Bg7 7. e3 d6 8. Nge2 Be6
9. O-O O-O 10. Nd5 Qd7 11. b4 e4 12. Rb1 Nxd5 13. cxd5 Bxd5 14. Bb2 Bxb2 15.
Rxb2 Qg7 16. Qb1 Rae8 17. Rd2 Ne5 18. Nf4 Bf7 19. dxe4 fxe4 20. Bxe4 g5 21. Ne2
Kh8 22. Bg2 Bg6 23. Qa1 Rf6 24. Qd4 b6 25. b5 g4 26. Nf4 h5 27. h4 gxh3 28.
Nxh3 Bf5 29. Nf4 Rh6 30. Ne2 h4 31. f4 hxg3 32. fxe5 dxe5 33. Qd5 Qg5 34. Rf3
Bg4 35. Qf7 Rg8 36. Rxg3 Qh4 37. Rd7 Qh2+ 38. Kf2 Qh4 39. Ke1 Rhg6 40. Qf2 Rf6
41. Rh3 1-0

[Event "9. LGA Premium Cup 2012"]
[Site "Nürnberg"]
[Date "2012.09.07"]
[Round "4.12"]
[White "Heimann, Andreas"]
[Black "Szabo, Bence"]
[Result "1/2-1/2"]
[WhiteElo "2490"]
[BlackElo "2348"]
[PlyCount "33"]
[EventDate "2012.??.??"]
[WhiteTeam "OSG Baden-Baden"]
[BlackTeam "HUN"]

1. Nf3 Nf6 2. g3 d5 3. Bg2 c6 4. c4 dxc4 5. O-O Nbd7 6. Na3 Nb6 7. Qc2 Be6 8.
Ng5 Bg4 9. Nxc4 Bxe2 10. Ne5 Bh5 11. Re1 Nbd5 12. d4 e6 13. Bf3 Bg6 14. Nxg6
hxg6 15. Rxe6+ Be7 16. Re1 O-O 17. a3 1/2-1/2

[Event "9. LGA Premium Cup 2012"]
[Site "Nürnberg"]
[Date "2012.09.07"]
[Round "4.13"]
[White "Burg, Twan"]
[Black "Mons, Leon"]
[Result "1-0"]
[WhiteElo "2485"]
[BlackElo "2338"]
[PlyCount "75"]
[EventDate "2012.??.??"]
[WhiteTeam "Schachklub Turm Emsdetten e.V."]
[BlackTeam "SC Forchheim e.V."]

1. e4 e5 2. Nf3 Nc6 3. d4 exd4 4. Nxd4 Bb4+ 5. c3 Bc5 6. Be3 Bb6 7. Nf5 Bxe3 8.
Nxe3 Nf6 9. f3 O-O 10. c4 d6 11. Nc3 Ne5 12. Qd2 c6 13. O-O-O Qb6 14. Be2 Rd8
15. g4 Be6 16. Rhf1 Qb4 17. b3 b5 18. Nc2 Qa5 19. g5 Nfd7 20. f4 b4 21. Nb1
Qxa2 22. fxe5 Qxb3 23. Rf3 Qa2 24. Nxb4 Qxd2+ 25. Nxd2 Nxe5 26. Rc3 Rab8 27.
Nd3 Nxd3+ 28. Bxd3 d5 29. Kc2 dxc4 30. Bxc4 Bxc4 31. Rxc4 Rb5 32. Nf3 Rdb8 33.
Rxc6 Rb2+ 34. Kd3 h6 35. gxh6 Rd8+ 36. Kc3 Rxd1 37. Kxb2 gxh6 38. Rxh6 1-0

[Event "9. LGA Premium Cup 2012"]
[Site "Nürnberg"]
[Date "2012.09.07"]
[Round "4.14"]
[White "Osmanodja, Filiz"]
[Black "Hoffmann, Michael"]
[Result "0-1"]
[WhiteElo "2198"]
[BlackElo "2479"]
[PlyCount "82"]
[EventDate "2012.??.??"]
[WhiteTeam "USV TU Dresden"]
[BlackTeam "Schachgesellschaft Solingen e.V."]

1. e4 c5 2. Nf3 d6 3. d4 cxd4 4. Nxd4 Nf6 5. Nc3 a6 6. Be3 e5 7. Nf3 Be7 8. Bc4
O-O 9. O-O Qc7 10. Bb3 Be6 11. Re1 Rc8 12. Re2 b5 13. a4 Bc4 14. Bxc4 bxc4 15.
a5 Nbd7 16. Nd2 Qb7 17. Qb1 Rab8 18. Ra4 Qxb2 19. Qxb2 Rxb2 20. Nxc4 Rb7 21.
Bb6 Nc5 22. Rb4 Ncxe4 23. Nxe4 Nxe4 24. Ne3 Nc3 25. Rd2 d5 26. Rg4 h5 27. Rg3
d4 28. Nf5 Bf8 29. Rh3 g6 30. Ng3 Bh6 31. Rd3 Nd5 32. Ne4 Nf4 33. Nd6 Rxc2 34.
Rd1 Nxh3+ 35. gxh3 Re7 36. Ne4 Re6 37. Kg2 Rec6 38. h4 f5 39. Ng5 Bxg5 40. hxg5
Kf7 41. Kg1 Rc1 0-1

[Event "9. LGA Premium Cup 2012"]
[Site "Nürnberg"]
[Date "2012.09.07"]
[Round "4.16"]
[White "Klundt, Klaus"]
[Black "Zaragatski, Ilja"]
[Result "1/2-1/2"]
[WhiteElo "2347"]
[BlackElo "2471"]
[PlyCount "84"]
[EventDate "2012.??.??"]
[WhiteTeam "SC Heusenstamm"]
[BlackTeam "Sportfreunde Katernberg 1913 e.V"]

1. e4 e5 2. Nf3 d6 3. d4 exd4 4. Nxd4 Nf6 5. Nc3 Be7 6. g3 Nc6 7. Bg2 O-O 8.
O-O Bg4 9. Nxc6 bxc6 10. Qd2 Qc8 11. Re1 Rb8 12. b3 Bh3 13. Bh1 Nd7 14. Bb2 Bf6
15. Nd1 Qd8 16. f4 Bxb2 17. Nxb2 Re8 18. Nd3 Qf6 19. Nf2 Qh6 20. Qc3 Nf6 21.
Qxc6 Re7 22. Qa6 Rbe8 23. Qxa7 Bf5 24. Qa5 Bc8 25. a4 Bb7 26. e5 Bxh1 27. exf6
Rxe1+ 28. Rxe1 Rxe1+ 29. Qxe1 Bc6 30. Qc3 Bd5 31. Qxc7 gxf6 32. Qxd6 Bf3 33.
Qd3 Bb7 34. Qf5 Qf8 35. Ng4 Qd6 36. Nxf6+ Kf8 37. Nxh7+ Kg8 38. Nf6+ Kf8 39.
Nd7+ Ke8 40. Ne5 Qd1+ 41. Kf2 Qd2+ 42. Kf1 Qd1+ 1/2-1/2

[Event "9. LGA Premium Cup 2012"]
[Site "Nürnberg"]
[Date "2012.09.07"]
[Round "4.17"]
[White "Ginsburg, Gennadi"]
[Black "Kvetny, Mark"]
[Result "1-0"]
[WhiteElo "2516"]
[BlackElo "2245"]
[PlyCount "53"]
[EventDate "2012.??.??"]
[WhiteTeam "SV 1920 Hofheim"]
[BlackTeam "Stuttgarter SF 1879"]

1. Nf3 c5 2. c4 Nc6 3. Nc3 g6 4. g3 Bg7 5. Bg2 d6 6. O-O a6 7. e3 Nf6 8. d4 O-O
9. a4 Bf5 10. Qe2 Ne4 11. Rd1 Qa5 12. Nh4 Nxc3 13. bxc3 Qxc3 14. Bb2 Qa5 15.
Nxf5 gxf5 16. dxc5 Qxc5 17. Bxg7 Kxg7 18. Rd5 Qb4 19. Rxf5 Ne5 20. c5 Qc3 21.
Rf1 Qc4 22. Qb2 Kg6 23. Qb1 Qd3 24. Qxd3 Nxd3 25. Be4 Nxc5 26. Rxc5+ f5 27.
Rxf5 1-0

[Event "9. LGA Premium Cup 2012"]
[Site "Nürnberg"]
[Date "2012.09.07"]
[Round "4.18"]
[White "Carow, Johannes"]
[Black "Pezerovic, Edin"]
[Result "0-1"]
[WhiteElo "2245"]
[BlackElo "2459"]
[PlyCount "178"]
[EventDate "2012.??.??"]
[WhiteTeam "Sfr.Heidesheim"]
[BlackTeam "Münchener SC 1836 e.V."]

1. d4 d5 2. c4 c6 3. e3 Bf5 4. Nc3 e6 5. g4 Bg6 6. Nge2 h6 7. Bg2 Nf6 8. Nf4
Bh7 9. h4 dxc4 10. Qa4 Nxg4 11. Qxc4 Be7 12. Bh3 Nf6 13. Rg1 Nd5 14. Nh5 g5 15.
e4 Nxc3 16. Qxc3 Na6 17. a3 Bg6 18. d5 Rh7 19. Ng7+ Kf8 20. Nxe6+ fxe6 21. Bxe6
Nc5 22. hxg5 Nxe6 23. dxe6 hxg5 24. Be3 Qd6 25. Bxg5 Qxe6 26. Bxe7+ Kxe7 27.
O-O-O Bf7 28. Qb4+ Ke8 29. Qxb7 Qc8 30. Qb4 c5 31. Qc3 Qe6 32. Rd5 Rh3 33. Qg7
Qh6+ 34. Qxh6 Rxh6 35. Rxc5 Rf6 36. Rf1 Rf3 37. Rc3 Rxc3+ 38. bxc3 Rb8 39. Kc2
Bb3+ 40. Kd3 Rd8+ 41. Ke3 Bc4 42. Rb1 Rd3+ 43. Kf4 a6 44. Ke5 Rxc3 45. Kd4 Rc2
46. f4 Bb5 47. f5 Rd2+ 48. Kc5 Bd3 49. Rb4 Re2 50. Kd4 Bxe4 51. Rb6 Bxf5 52.
Rxa6 Ke7 53. a4 Rd2+ 54. Ke5 Bd7 55. a5 Kd8 56. Rd6 Ra2 57. a6 Ra5+ 58. Rd5
Rxa6 59. Kf4 Ke7 60. Rd2 Bc6 61. Re2+ Kf6 62. Rd2 Ra4+ 63. Ke3 Ke5 64. Rd3 Rh4
65. Kd2 Bd5 66. Kc3 Rc4+ 67. Kd2 Be4 68. Rc3 Rb4 69. Ke3 Rb1 70. Rc5+ Bd5 71.
Rc3 Rh1 72. Rd3 Bc4 73. Rd8 Rh3+ 74. Kf2 Bd5 75. Re8+ Kd4 76. Re7 Rf3+ 77. Ke2
Rg3 78. Kd2 Ra3 79. Rc7 Rd3+ 80. Ke2 Rg3 81. Rd7 Rg2+ 82. Kf1 Rh2 83. Kg1 Rd2
84. Rg7 Ke3 85. Rg3+ Bf3 86. Rg5 Rd1+ 87. Kh2 Kf4 88. Rg1 Rd2+ 89. Kh3 Rd5 0-1

[Event "9. LGA Premium Cup 2012"]
[Site "Nürnberg"]
[Date "2012.09.07"]
[Round "4.19"]
[White "Safyanowsky, Mark"]
[Black "Pähtz, Thomas"]
[Result "0-1"]
[WhiteElo "2249"]
[BlackElo "2430"]
[PlyCount "82"]
[EventDate "2012.??.??"]
[WhiteTeam "SAbt TSV Haunstetten"]
[BlackTeam "ESV Lok Sömmerda"]

1. c4 g6 2. Nc3 Bg7 3. g3 Nf6 4. Bg2 d6 5. Nf3 O-O 6. O-O Nc6 7. d3 e5 8. Rb1
a5 9. a3 Bf5 10. Bg5 Qd7 11. Nd2 Bh3 12. Bxf6 Bxf6 13. Nd5 Bd8 14. b4 Bxg2 15.
Kxg2 axb4 16. axb4 Nd4 17. e3 Ne6 18. Ra1 Rxa1 19. Qxa1 c6 20. Nc3 f5 21. Qa7
f4 22. Nce4 Be7 23. b5 cxb5 24. exf4 exf4 25. Rb1 d5 26. cxd5 Qxd5 27. f3 Nd4
28. Qb6 Rc8 29. Rb4 Rd8 30. Rb2 Qc6 31. Qa5 h6 32. Qa2+ Kg7 33. Qb1 b4 34. g4
Qd5 35. Qa2 Qxa2 36. Rxa2 Nc6 37. Nf2 Bc5 38. Nfe4 Be3 39. Nc4 Rxd3 40. Ncd6 b3
41. Rb2 Bd4 0-1

[Event "9. LGA Premium Cup 2012"]
[Site "Nürnberg"]
[Date "2012.09.07"]
[Round "4.21"]
[White "Meinhardt, Maximilian"]
[Black "Bartsch, Berthold"]
[Result "1-0"]
[WhiteElo "2397"]
[BlackElo "2249"]
[PlyCount "45"]
[EventDate "2012.??.??"]
[WhiteTeam "SC 1934 Viernheim"]
[BlackTeam "SC Forchheim e.V."]

1. e4 c5 2. Nc3 Nc6 3. g3 g6 4. Bg2 Bg7 5. d3 d6 6. f4 e5 7. Nh3 Nge7 8. O-O
O-O 9. f5 f6 10. g4 g5 11. Nxg5 fxg5 12. Bxg5 h6 13. Be3 Kh7 14. Rf3 Ng8 15.
Rh3 Nce7 16. Qd2 b5 17. Rf1 b4 18. Ne2 Rf7 19. Ng3 Bd7 20. Bf3 Rb8 21. g5 Kh8
22. Bh5 Rf8 23. gxh6 1-0

[Event "9. LGA Premium Cup 2012"]
[Site "Nürnberg"]
[Date "2012.09.07"]
[Round "4.22"]
[White "Zude, Erik"]
[Black "Göbel, Constantin"]
[Result "1-0"]
[WhiteElo "2395"]
[BlackElo "2231"]
[PlyCount "55"]
[EventDate "2012.??.??"]
[WhiteTeam "SV 1920 Hofheim"]
[BlackTeam "TSV Schott Mainz"]

1. c4 e6 2. g3 Nf6 3. Bg2 Be7 4. Nf3 O-O 5. O-O d5 6. d4 dxc4 7. Qc2 a6 8. a4
c5 9. dxc5 Bxc5 10. Qxc4 Nbd7 11. Nc3 b5 12. Qd3 b4 13. Ne4 Nxe4 14. Qxe4 Rb8
15. Bf4 Bb7 16. Qd3 Bxf3 17. Bxf3 e5 18. Rad1 exf4 19. Qxd7 fxg3 20. hxg3 Qg5
21. Rd5 Qxg3+ 22. Bg2 Bb6 23. a5 Qf4 24. axb6 Rxb6 25. Rf5 Qc4 26. Rd1 Rg6 27.
Qd5 Qxe2 28. Qxf7+ 1-0

[Event "9. LGA Premium Cup 2012"]
[Site "Nürnberg"]
[Date "2012.09.07"]
[Round "4.23"]
[White "Reis, Gerhard"]
[Black "Reich, Thomas"]
[Result "1/2-1/2"]
[WhiteElo "2215"]
[BlackElo "2382"]
[PlyCount "35"]
[EventDate "2012.??.??"]
[WhiteTeam "SW Nürnberg Süd e.V."]
[BlackTeam "FC Bayern München e.V."]

1. d4 Nf6 2. g3 g6 3. Bg2 Bg7 4. e4 d6 5. Nc3 O-O 6. Nge2 Nbd7 7. h3 c5 8. Be3
Rb8 9. dxc5 dxc5 10. e5 Nxe5 11. Qxd8 Rxd8 12. Bxc5 Nc6 13. Bxc6 bxc6 14. Bxe7
Re8 15. Bxf6 Bxf6 16. O-O-O c5 17. Nf4 Kg7 18. Rhe1 1/2-1/2

[Event "9. LGA Premium Cup 2012"]
[Site "Nürnberg"]
[Date "2012.09.07"]
[Round "4.24"]
[White "Breutigam, Martin"]
[Black "Kahlert, Thomas"]
[Result "1-0"]
[WhiteElo "2374"]
[BlackElo "2229"]
[PlyCount "77"]
[EventDate "2012.??.??"]
[WhiteTeam "SK Union Oldenburg"]
[BlackTeam "SK Norderstedt von 1975"]

1. Nf3 Nf6 2. c4 g6 3. Nc3 d5 4. cxd5 Nxd5 5. d3 Bg7 6. Bd2 O-O 7. g3 c5 8. Bg2
Nc6 9. h4 h5 10. O-O b6 11. Ng5 e6 12. Nge4 Bb7 13. Bg5 f6 14. Bd2 Qd7 15. a3
Rad8 16. Rb1 Rfe8 17. Re1 Nce7 18. b4 cxb4 19. axb4 f5 20. Nxd5 Nxd5 21. Ng5
Nc3 22. Bxc3 Bxc3 23. Rf1 Bxg2 24. Kxg2 a5 25. bxa5 bxa5 26. Kh2 Bf6 27. Qd2 a4
28. Rb6 Bd4 29. Ra6 Ra8 30. Qa5 Ra7 31. e3 Rea8 32. Rxa7 Rxa7 33. Qb4 Bf6 34.
Qb8+ Kg7 35. Nxe6+ Kf7 36. Nc5 Qe7 37. Nxa4 Rb7 38. Qc8 Bxh4 39. Qc4+ 1-0

[Event "9. LGA Premium Cup 2012"]
[Site "Nürnberg"]
[Date "2012.09.07"]
[Round "4.25"]
[White "Zelbel, Patrick"]
[Black "Mader, Manuela"]
[Result "1-0"]
[WhiteElo "2368"]
[BlackElo "2222"]
[PlyCount "81"]
[EventDate "2012.??.??"]
[WhiteTeam "Schachclub Hansa Dortmund e.V."]
[BlackTeam "SK 1926 Ettlingen"]

1. e4 c6 2. c4 d5 3. exd5 cxd5 4. cxd5 Nf6 5. Nc3 Nxd5 6. Nf3 Nxc3 7. bxc3 g6
8. d4 Bg7 9. Bd3 O-O 10. O-O Nc6 11. Re1 Bg4 12. Be4 Rc8 13. Rb1 b6 14. Bg5 Re8
15. h3 Bxf3 16. Qxf3 Qd7 17. Bd3 h6 18. Bh4 Qb7 19. Qe2 Qc7 20. Ba6 Ra8 21. Bb5
e6 22. Qc4 Rec8 23. Ba6 Na5 24. Qa4 Qc6 25. Qd1 Rcb8 26. Qd3 Qd5 27. Re2 Qf5
28. Qxf5 gxf5 29. Rd2 b5 30. Rxb5 Rxb5 31. Bxb5 Rc8 32. Rd3 Nc4 33. Be7 Nb2 34.
Rd2 Nc4 35. Rd3 Nb2 36. Rg3 Kh7 37. Ba3 Nd1 38. Bb4 a5 39. Bc5 Nb2 40. c4 Rd8
41. Rb3 1-0

[Event "9. LGA Premium Cup 2012"]
[Site "Nürnberg"]
[Date "2012.09.07"]
[Round "4.26"]
[White "Donchenko, Anatoly"]
[Black "Klek, Hanna Marie"]
[Result "1/2-1/2"]
[WhiteElo "2364"]
[BlackElo "2214"]
[PlyCount "78"]
[EventDate "2012.??.??"]
[WhiteTeam "SK 1858 Gießen"]
[BlackTeam "SC Erlangen 48/88 e.V."]

1. c4 e6 2. g3 d5 3. Bg2 Nf6 4. Nf3 dxc4 5. Qa4+ Nbd7 6. Ne5 c5 7. O-O Be7 8.
Nc3 O-O 9. Nxd7 Bxd7 10. Qxc4 Qc8 11. d3 Bc6 12. Bxc6 Qxc6 13. Qb5 Rac8 14.
Qxc6 Rxc6 15. b3 Nd7 16. Bb2 f5 17. Rac1 Bf6 18. Rc2 Kf7 19. Rfc1 a6 20. Na4
Rfc8 21. Kf1 g5 22. Bxf6 Kxf6 23. e3 Ke7 24. Ke2 g4 25. h3 h5 26. hxg4 hxg4 27.
Rh1 Kd6 28. Nb2 b5 29. Rh7 R6c7 30. Rc1 Nf6 31. Rh6 Ng8 32. Rh8 Ne7 33. Rxc8
Rxc8 34. Rh1 Nc6 35. Rh7 Rc7 36. Rh8 Ra7 37. Kd2 Nb4 38. a3 Nc6 39. Kc2 Rd7
1/2-1/2

[Event "9. LGA Premium Cup 2012"]
[Site "Nürnberg"]
[Date "2012.09.07"]
[Round "4.27"]
[White "Richter, Christian"]
[Black "Kordts, Wolfgang"]
[Result "1-0"]
[WhiteElo "2362"]
[BlackElo "2207"]
[PlyCount "81"]
[EventDate "2012.??.??"]
[WhiteTeam "Schachklub Turm Emsdetten e.V."]
[BlackTeam "SW Nürnberg Süd e.V."]

1. d4 Nf6 2. c4 e6 3. Nf3 b6 4. g3 Ba6 5. Qa4 Bb7 6. Bg2 c5 7. dxc5 bxc5 8. Nc3
Be7 9. O-O O-O 10. Bf4 d6 11. Rfd1 Qb6 12. Rab1 Na6 13. Rd2 h6 14. h3 Rfd8 15.
g4 Rab8 16. Nh2 Bxg2 17. Kxg2 Nc7 18. Nf1 d5 19. Rbd1 Bd6 20. Bxd6 Rxd6 21.
cxd5 Ncxd5 22. Nxd5 exd5 23. Ne3 d4 24. Nc4 Qb7+ 25. f3 Ra6 26. Qc2 Rxa2 27. e3
Nd5 28. exd4 cxd4 29. Rxd4 Rxb2 30. Qxb2 Ne3+ 31. Kg1 Qxb2 32. Rd8+ Kh7 33.
Nxb2 Rxb2 34. R1d2 Rb1+ 35. Kf2 Nc4 36. Rc2 Ne5 37. f4 Ng6 38. f5 Nh4 39. Rc7
Rb3 40. Rxf7 Rxh3 41. Rff8 1-0

[Event "9. LGA Premium Cup 2012"]
[Site "Nürnberg"]
[Date "2012.09.07"]
[Round "4.28"]
[White "Hirn, Oskar"]
[Black "Beesk, Kevin"]
[Result "1-0"]
[WhiteElo "2217"]
[BlackElo "1822"]
[PlyCount "71"]
[EventDate "2012.??.??"]
[WhiteTeam "SC Noris-Tarrasch Nürnberg 1873"]
[BlackTeam "SK Neumarkt e.V."]

1. c4 Nf6 2. Nf3 g6 3. g3 Bg7 4. Bg2 c5 5. O-O O-O 6. Nc3 Nc6 7. d4 cxd4 8.
Nxd4 a6 9. c5 Nh5 10. Nb3 b5 11. cxb6 Qxb6 12. Nd5 Qd8 13. Bg5 Bxb2 14. Nxe7+
Nxe7 15. Bxa8 Bxa1 16. Qxa1 f6 17. Bh6 Ng7 18. Rd1 Nef5 19. Bd5+ Kh8 20. Bd2
Qb6 21. e4 Ne7 22. Be3 Qc7 23. Rc1 Qd8 24. Bc4 Bb7 25. Nc5 Bc6 26. Qd4 Ne6 27.
Bxe6 dxe6 28. Nxe6 Qxd4 29. Bxd4 Rb8 30. Bxf6+ Kg8 31. Bxe7 Bxe4 32. Nc5 Bf3
33. Nxa6 Rb7 34. Bg5 Rd7 35. Rc8+ Kg7 36. Rc7 1-0

[Event "9. LGA Premium Cup 2012"]
[Site "Nürnberg"]
[Date "2012.09.07"]
[Round "4.29"]
[White "Troyke, Christian"]
[Black "Welz, Thomas"]
[Result "1/2-1/2"]
[WhiteElo "2353"]
[BlackElo "2204"]
[PlyCount "35"]
[EventDate "2012.??.??"]
[WhiteTeam "Erfurter Schachklub"]
[BlackTeam "SC Eppingen"]

1. g3 e5 2. c4 Nf6 3. Bg2 c6 4. d4 d6 5. Nc3 Nbd7 6. Nf3 Be7 7. O-O O-O 8. e4
Re8 9. h3 a6 10. a4 b6 11. Re1 Bb7 12. b3 Qc7 13. Bb2 Rad8 14. Rc1 Qb8 15. Qc2
Bf8 16. Rcd1 Ba8 17. Bf1 Bb7 18. Bg2 1/2-1/2

[Event "9. LGA Premium Cup 2012"]
[Site "Nürnberg"]
[Date "2012.09.07"]
[Round "4.30"]
[White "Appel, Helmut"]
[Black "Hilverda, Alexander"]
[Result "1-0"]
[WhiteElo "2212"]
[BlackElo "2333"]
[PlyCount "81"]
[EventDate "2012.??.??"]
[WhiteTeam "TSV Kareth-Lappersdorf"]
[BlackTeam "SC Erlangen 48/88 e.V."]

1. e4 e5 2. Nf3 Nc6 3. Bc4 Bc5 4. Nc3 Nf6 5. d3 d6 6. Na4 Bg4 7. Nxc5 dxc5 8.
Be3 Qe7 9. Bb5 Bd7 10. Nd2 O-O 11. Nc4 Nd4 12. Bxd7 Nxd7 13. O-O Ne6 14. Qg4 f6
15. Bd2 Nd4 16. Ne3 Rfe8 17. Rae1 Qe6 18. Qg3 Qxa2 19. Nd5 Rac8 20. Bh6 g6 21.
Qh4 Re6 22. f4 c6 23. f5 cxd5 24. fxe6 Nxe6 25. Ra1 Qxb2 26. exd5 Nf4 27. c4
Qd4+ 28. Kh1 g5 29. Qg4 Nxd3 30. Qe6+ Kh8 31. h3 Nf2+ 32. Kh2 Qf4+ 33. Kg1 Qd4
34. Qxd7 Rg8 35. Rxf2 Qxa1+ 36. Kh2 e4 37. Qe6 Rg6 38. Qe8+ Rg8 39. Qe7 e3 40.
Rxf6 e2 41. Rf7 1-0

[Event "9. LGA Premium Cup 2012"]
[Site "Nürnberg"]
[Date "2012.09.07"]
[Round "4.31"]
[White "Heimrath, Reiner"]
[Black "Nuber, Korbinian"]
[Result "1-0"]
[WhiteElo "2205"]
[BlackElo "2302"]
[PlyCount "59"]
[EventDate "2012.??.??"]
[WhiteTeam "SC Noris-Tarrasch Nürnberg 1873"]
[BlackTeam "SC Dillingen"]

1. e4 e6 2. Qe2 e5 3. Nf3 Nc6 4. c3 d5 5. d4 Bg4 6. Qb5 Nge7 7. Nxe5 Bc8 8. Nd2
f6 9. Nef3 Rb8 10. Bd3 g6 11. O-O Bh6 12. exd5 Qxd5 13. Qxd5 Nxd5 14. Ne4 Bxc1
15. Raxc1 O-O 16. Bc4 Nce7 17. Rfe1 Kg7 18. Nc5 Rd8 19. Re2 b6 20. Ne6+ Bxe6
21. Rxe6 Ng8 22. Rce1 Rd7 23. Bb5 Rf7 24. a3 Rd8 25. g3 Rd6 26. Rxd6 cxd6 27.
Bc4 Nge7 28. Re6 Nc7 29. Rxd6 Nc8 30. Rd8 1-0

[Event "9. LGA Premium Cup 2012"]
[Site "Nürnberg"]
[Date "2012.09.07"]
[Round "4.32"]
[White "Zier, Oliver"]
[Black "Hirschberg, Valerian"]
[Result "0-1"]
[WhiteElo "2154"]
[BlackElo "2292"]
[PlyCount "60"]
[EventDate "2012.??.??"]
[WhiteTeam "TSV Bindlach Aktionär-Schachabte"]
[BlackTeam "Karlsruher SF 1853"]

1. d4 d5 2. c4 dxc4 3. Nf3 a6 4. e3 Nf6 5. Bxc4 e6 6. O-O b5 7. Bb3 c5 8. Re1
Bb7 9. a4 Nbd7 10. Nbd2 Be7 11. e4 O-O 12. Bc2 cxd4 13. e5 Nd5 14. Nxd4 Qb6 15.
N2f3 Rfd8 16. axb5 Nf8 17. bxa6 Bxa6 18. Bd3 Bb4 19. Rf1 Bxd3 20. Rxa8 Rxa8 21.
Qxd3 Ng6 22. h4 Bc5 23. Qe4 h5 24. Ne2 Ra1 25. g4 hxg4 26. Qxg4 Qb5 27. Ned4
Bxd4 28. Nxd4 Qd3 29. Nf3 Ngf4 30. Ng5 Qc4 0-1

[Event "9. LGA Premium Cup 2012"]
[Site "Nürnberg"]
[Date "2012.09.07"]
[Round "4.33"]
[White "Menacher, Manfred"]
[Black "Bauer, Andreas"]
[Result "1/2-1/2"]
[WhiteElo "2288"]
[BlackElo "2195"]
[PlyCount "123"]
[EventDate "2012.??.??"]
[WhiteTeam "TSV Wacker Neutraubling"]
[BlackTeam "SC Postbauer-Heng e.V"]

1. d4 Nf6 2. Nf3 g6 3. Bf4 Bg7 4. h3 O-O 5. e3 d5 6. Nbd2 c5 7. c3 cxd4 8. exd4
Nc6 9. Be2 Ne4 10. Nxe4 dxe4 11. Ng5 Qa5 12. Bd2 e3 13. Bxe3 Bxd4 14. Bxd4 Nxd4
15. Qxd4 Qxg5 16. Bf3 e5 17. Qe3 Qxe3+ 18. fxe3 Be6 19. O-O-O Rab8 20. Bd5 Bxd5
21. Rxd5 Rfe8 22. g4 Rbd8 23. Rhd1 Rxd5 24. Rxd5 Re7 25. g5 Kg7 26. Rd6 h6 27.
h4 hxg5 28. hxg5 e4 29. b4 Re5 30. Rd7 Rxg5 31. Rxb7 Rg3 32. Rxa7 Rxe3 33. Kd2
Rd3+ 34. Kc2 g5 35. Re7 Re3 36. b5 Re2+ 37. Kd1 Rxa2 38. Rxe4 f5 39. Rb4 g4 40.
Ke1 Kf6 41. b6 Ra8 42. Kf2 Ke5 43. Ke3 Rb8 44. Rb5+ Kd6 45. Rxf5 Rxb6 46. Rg5
Rb1 47. Rxg4 Kc5 48. Kd3 Rd1+ 49. Kc2 Rh1 50. Rg8 Kc4 51. Rc8+ Kd5 52. Kb2 Rh7
53. Rd8+ Kc4 54. Rd4+ Kc5 55. Re4 Rb7+ 56. Kc2 Rh7 57. Re8 Kc4 58. Rc8+ Kd5 59.
Rd8+ Kc4 60. Rd4+ Kc5 61. Rd2 Kc4 62. Rg2 1/2-1/2

[Event "9. LGA Premium Cup 2012"]
[Site "Nürnberg"]
[Date "2012.09.07"]
[Round "4.34"]
[White "Winterholler, Christina"]
[Black "Holzhäuer, Mathias"]
[Result "1/2-1/2"]
[WhiteElo "1856"]
[BlackElo "2274"]
[PlyCount "103"]
[EventDate "2012.??.??"]
[WhiteTeam "SK Ingolstadt"]
[BlackTeam "SK Schmiden/Cannstatt"]

1. e4 d5 2. exd5 Nf6 3. d4 Bg4 4. Be2 Bxe2 5. Nxe2 Qxd5 6. O-O Nc6 7. b3 O-O-O
8. c4 Qh5 9. Bb2 e6 10. Na3 Bd6 11. h3 g5 12. Nb5 Be7 13. Ng3 Qg6 14. Qf3 a6
15. d5 Nb4 16. dxe6 Rd3 17. Qf5 axb5 18. exf7+ Kb8 19. Rae1 Bd8 20. Qxg6 hxg6
21. Bxf6 Bxf6 22. Re8+ Rd8 23. Rxh8 Bxh8 24. Re1 Kc8 25. Re8 Bg7 26. Ne4 bxc4
27. bxc4 Bf8 28. Nf6 Nxa2 29. Nh7 Bb4 30. f8=Q Bxf8 31. Rxf8 Nc3 32. Rxd8+ Kxd8
33. Nxg5 Ke7 34. f4 Ne2+ 35. Kf2 Nxf4 36. Kf3 Nd3 37. Ke4 Ne1 38. g3 Kd6 39.
Nf7+ Kc5 40. Ne5 g5 41. h4 gxh4 42. gxh4 Kd6 43. Kf5 Nc2 44. h5 Nd4+ 45. Kf6
Ne6 46. Nf7+ Kd7 47. h6 Nf8 48. Kg7 Ke7 49. Ne5 Ne6+ 50. Kg8 Nf8 51. Kg7 Ne6+
52. Kg8 1/2-1/2

[Event "9. LGA Premium Cup 2012"]
[Site "Nürnberg"]
[Date "2012.09.07"]
[Round "4.35"]
[White "Löw, Gerald"]
[Black "Carow, Annelen"]
[Result "0-1"]
[WhiteElo "2270"]
[BlackElo "1968"]
[PlyCount "80"]
[EventDate "2012.??.??"]
[WhiteTeam "TSV Bindlach Aktionär-Schachabte"]
[BlackTeam "Sfr.Heidesheim"]

1. c4 c5 2. g3 g6 3. Bg2 Bg7 4. Nc3 e6 5. Nf3 Nc6 6. O-O Nge7 7. e3 O-O 8. d4
cxd4 9. Nxd4 Nxd4 10. exd4 d6 11. Bf4 Nf5 12. Ne2 Qb6 13. Qb3 e5 14. dxe5 dxe5
15. Bd2 Qc7 16. Rac1 Bd7 17. Bb4 Rfe8 18. Rfd1 Bc6 19. Bd5 Rad8 20. Qf3 h5 21.
Bxc6 bxc6 22. Qa3 Bf8 23. Bxf8 Rxf8 24. Qc5 h4 25. g4 Ng7 26. Nc3 Ne6 27. Qe3
Nd4 28. g5 Nf5 29. Qh3 Rd4 30. Rxd4 exd4 31. Ne4 Qf4 32. Re1 Kg7 33. Qg2 Re8
34. f3 h3 35. Qxh3 Rh8 36. Qg2 Nh4 37. Qf2 Nxf3+ 38. Kf1 Rxh2 39. Qg3 Qxg3 40.
Nxg3 Nxe1 0-1

[Event "9. LGA Premium Cup 2012"]
[Site "Nürnberg"]
[Date "2012.09.07"]
[Round "4.36"]
[White "Schellmann, Frank"]
[Black "Heinig, Wolfram"]
[Result "0-1"]
[WhiteElo "2120"]
[BlackElo "2304"]
[PlyCount "62"]
[EventDate "2012.??.??"]
[WhiteTeam "Deutscher Blinden- und Sehbehind"]
[BlackTeam "SK Zehlendorf e.V."]

1. e4 c6 2. d4 d5 3. e5 Bf5 4. Nf3 e6 5. Be2 c5 6. Be3 cxd4 7. Nxd4 Ne7 8. c4
Nbc6 9. Qa4 a6 10. Nc3 dxc4 11. O-O-O Qa5 12. Qxa5 Nxa5 13. Nxf5 Nxf5 14. Bb6
Nc6 15. f4 g5 16. Ne4 Be7 17. g4 Nh4 18. f5 Nxe5 19. Bd4 f6 20. fxe6 Nhg6 21.
Kb1 Rc8 22. h4 gxh4 23. Rdf1 O-O 24. Rf5 Rc6 25. g5 fxg5 26. Rxe5 Nxe5 27. Bxe5
b5 28. Bg4 h5 29. Bh3 g4 30. Bg2 Rxe6 31. Nf6+ Rexf6 0-1

[Event "9. LGA Premium Cup 2012"]
[Site "Nürnberg"]
[Date "2012.09.07"]
[Round "4.37"]
[White "Holzmayr, Norbert"]
[Black "Schuster, Karsten"]
[Result "0-1"]
[WhiteElo "1823"]
[BlackElo "2266"]
[PlyCount "56"]
[EventDate "2012.??.??"]
[WhiteTeam "SV Ilmmünster"]
[BlackTeam "SC Gröbenzell"]

1. d4 Nf6 2. Bg5 b6 3. Nf3 Bb7 4. g3 e6 5. Rg1 Be7 6. e3 h6 7. Bxf6 Bxf6 8.
Nbd2 c5 9. Bd3 d5 10. c3 Nc6 11. Nf1 Qc7 12. Nh4 e5 13. dxe5 Qxe5 14. f4 Qc7
15. Nf3 O-O-O 16. N3d2 Rhe8 17. Qa4 d4 18. Ne4 dxc3 19. Nxf6 cxb2 20. Bf5+ Kb8
21. Rb1 gxf6 22. Rxb2 Nd4 23. Bg4 Bf3 24. Kf2 Bxg4 25. exd4 Re4 26. Ne3 Rxf4+
27. Kg2 Qb7+ 28. d5 Rxa4 0-1